Sur la science cosmologique : Conditions de possibilite et problemes philosophiques /

Gardado en:
Detalles Bibliográficos
Autor Principal: Merleau-Ponty, Jacques.
Formato: Libro
Idioma:Vietnamese
Publicado: EDP Sciences 2003
Các nhãn: Engadir etiqueta
Sen Etiquetas, Sexa o primeiro en etiquetar este rexistro!
Thư viện lưu trữ: Mạng thư viện Đại học Đà Nẵng
LEADER 00721nam a2200265 4500
001 000027794
003 ME-J
005 20150403120000.0
008 150403s vm 000 vie
020 |c 0,0000 
040 |a notts 
100 1 |a Merleau-Ponty, Jacques. 
245 |a Sur la science cosmologique : Conditions de possibilite et problemes philosophiques /  |c Jacques Merleau-Ponty, Michel Paty, Jean- Jacques Szczeciniarz. 
260 |b EDP Sciences  |c 2003 
OWN |a LTT 
999 |a From the UDN01 
TYP |a Monograph 
TYP |a Printed language 
980 |a Mạng thư viện Đại học Đà Nẵng